| 000 | 01020cam a22002895a 4500 | ||
|---|---|---|---|
| 001 | 17732608 | ||
| 005 | 20151011125208.0 | ||
| 008 | 130117s2013 enk frb 000 0 eng d | ||
| 020 | _a9781780765891 | ||
| 020 | _a1780765894 | ||
| 040 |
_aDLC _beng _cDLC _dDLC _dEG-ScBUE |
||
| 043 | _af-ua--- | ||
| 050 | 0 | 0 |
_aP95.82.E3 _bS25 2013 |
| 082 | 0 | 4 |
_a302.230962 _222 _bSAK |
| 100 | 1 |
_aSakr, Naomi. _938471 |
|
| 245 | 1 | 0 |
_aTransformations in Egyptian journalism / _cNaomi Sakr. |
| 260 |
_aLondon ; _aNew York : _bI. B. Tauris & Co. Ltd./The Reuters Institute for the Study of Journalism/ University of Oxford , _c2013. |
||
| 300 |
_axviii, 109 p. ; _c22 cm. |
||
| 490 | 0 | _aChallenges | |
| 504 | _aBibliography : p. 106 - 108 | ||
| 650 | 0 |
_aMass media _zEgypt _xHistory _y21st century. _2BUEsh |
|
| 650 | 0 |
_aJournalism _zEgypt _xHistory _y21st century. _2BUEsh |
|
| 651 | _2BUEsh | ||
| 653 |
_bCOMAME _cJune2015 _cOctober2015 |
||
| 710 | 2 |
_aUniversity of Oxford. _bReuters Institute for the Study of Journalism. |
|
| 942 | _2ddc | ||
| 999 |
_c19698 _d19670 |
||